| 000 | 00470nam a2200169Ia 4500 | ||
|---|---|---|---|
| 008 | 220204s9999 xx 000 0 und d | ||
| 082 |
_a581.824.1 _bZIM |
||
| 100 | _aZIMMERMANN, Martin H | ||
| 245 | 0 | _aXylem structure and the ascent of sap | |
| 260 |
_aBerlin _bSpringer-Verlag _c1983 |
||
| 490 | _aSpringer series in wood science | ||
| 650 | _aAscent of sap | ||
| 650 | _aXylem Pathology | ||
| 650 | _aXylem senescence | ||
| 650 | _aXylem structure | ||
| 942 | _cBK | ||
| 999 |
_c38470 _d38470 |
||